000
00170nam a22000857a 4500
082
_a
823
100
_a
KANAKARAGHAVAN
245
_a
TRUE AND FALSE, BIRBAL STORIES
942
_c
BK
999
_c
8397
_d
8397